Programa de un curso sobre el derecho penal en el siglo XVIII / (Record no. 180958)

MARC details
000 -LEADER
campo de control de longitud fija 00525nam a2200157 i 4500
001 - NÚMERO DE CONTROL
campo de control 180958
003 - IDENTIFICADOR DE NÚMERO DE CONTROL
campo de control ES-MaACL
005 - FECHA Y HORA DE LA ÚLTIMA TRANSACCIÓN
campo de control 20230906221229.0
008 - DATOS DE LONGITUD FIJA--INFORMACIÓN GENERAL
campo de control de longitud fija 120912s1987 cl |||| | spa d
100 1# - ENTRADA PRINCIPAL--NOMBRE DE PERSONA
Nombre de persona Rivacoba y Rivacoba, Manuel de.
9 (RLIN) 97535
245 10 - MENCIÓN DEL TÍTULO
Título Programa de un curso sobre el derecho penal en el siglo XVIII /
Mención de responsabilidad, etc. Manuel de Rivacoba y Rivacoba.
260 ## - PUBLICACIÓN, DISTRIBUCIÓN, ETC.
Lugar de publicación, distribución, etc. Valparaíso :
Nombre del editor, distribuidor, etc. Edeval,
Fecha de publicación, distribución, etc. 1987.
300 ## - DESCRIPCIÓN FÍSICA
Extensión 17 p. ;
Dimensiones 19 cm.
650 #4 - PUNTO DE ACCESO ADICIONAL DE MATERIA--TÉRMINO DE MATERIA
Término de materia o nombre geográfico como elemento de entrada Derecho penal-
Subdivisión de forma Programas de estudio.
9 (RLIN) 170029
852 ## - LOCALIZACIÓN
Ubicación ES-MaACL
Número de control de estantería 2316-F-2
Holdings
Estatus retirado Estado de pérdida Estado de daño No para préstamo Colección Biblioteca de origen Biblioteca actual Ubicación en estantería Fecha de adquisición Fuente de adquisición Total de préstamos Signatura topográfica completa Código de barras Visto por última vez Precio de reemplazo Tipo de ítem Koha
        Colección de folletos Biblioteca del Ateneo de Madrid Biblioteca del Ateneo de Madrid Depósito folletos 12/09/2012     2316-F-2 1190156 23/02/2023 23/02/2023 Folleto